| 000 | 00851cam a2200289 a 4500 | ||
|---|---|---|---|
| 001 | 4344 | ||
| 003 | BD-RjUL | ||
| 005 | 20211208233857.0 | ||
| 008 | 131222s1986 enk b 001 0 eng | ||
| 020 | _a0862323452 | ||
| 020 | _a0862323460 (pbk.) | ||
| 035 | _a(BD-RjUL)4379 | ||
| 040 |
_aDLC _cDLC _dDLC _beng |
||
| 041 | _aeng | ||
| 082 | 0 | 0 |
_a305.563 _219 _bRAP 1982 |
| 100 | 1 |
_aRahman, Atiur, _d1951- _913753 |
|
| 245 | 1 | 0 |
_aPeasants and classes : _ba study in differentiation in Bangladesh / _cAtiur Rahman. |
| 260 |
_aLondon : _aNew Jersey : _bZed Books, _c1982. |
||
| 300 |
_avii,125 p. ; _c23 cm. |
||
| 500 | _aIncludes index. | ||
| 504 | _aBibliography: p. [282]-291. | ||
| 526 | _bSociology | ||
| 650 | 0 |
_aPeasants _zBangladesh. _910679 |
|
| 650 | 0 |
_aSocial classes _zBangladesh. _913754 |
|
| 942 |
_2ddc _cBK |
||
| 999 |
_c4344 _d4344 |
||